000
00245nam a2200109Ia 4500
008
190216s9999||||xx |||||||||||||| ||und||
100
_a
Radhakrishnan C
245
0
_a
Thayveru
260
_b
Victory Book Bouse
650
_a
Malayalam
942
_c
BK
999
_c
26996
_d
26996